<?xml version="1.0" encoding="UTF-8"?>
<collection xmlns="http://www.loc.gov/MARC21/slim">
  <record>
    <leader>00000nam  2200000   4500</leader>
    <controlfield tag="001">INLIS000000000014638</controlfield>
    <controlfield tag="005">20220924085031</controlfield>
    <datafield tag="035" ind1="#" ind2="#">
      <subfield code="a">0010-0922001400</subfield>
    </datafield>
    <controlfield tag="001">INLIS000000000014635</controlfield>
    <controlfield tag="005">20220924083105</controlfield>
    <datafield tag="035" ind1="#" ind2="#">
      <subfield code="a">0010-0922001397</subfield>
    </datafield>
    <datafield tag="245" ind1="1" ind2="#">
      <subfield code="a">Program Akselerasi Akuntabilitas Keuangan Perangkat Daerah (Program ATLAS ANGKA) Inspektorat Daerah Kota Bontang /</subfield>
      <subfield code="c">EKO ARISANDI, ST, M.Si</subfield>
    </datafield>
    <datafield tag="100" ind1="1" ind2="#">
      <subfield code="a">ARISANDI, Eko</subfield>
    </datafield>
    <datafield tag="250" ind1="#" ind2="#">
      <subfield code="a">1</subfield>
    </datafield>
    <datafield tag="300" ind1="#" ind2="#">
      <subfield code="a">iv, 31 halaman ; lampiran :</subfield>
      <subfield code="b">ilustrasi ;</subfield>
      <subfield code="c">30 cm</subfield>
    </datafield>
    <datafield tag="260" ind1="#" ind2="#">
      <subfield code="a">Samarinda :</subfield>
      <subfield code="b">Puslatbang KDOD,</subfield>
      <subfield code="c">2021</subfield>
    </datafield>
    <datafield tag="084" ind1="#" ind2="#">
      <subfield code="a">PKA 099 2021</subfield>
    </datafield>
    <datafield tag="650" ind1="#" ind2="4">
      <subfield code="a">Proyek Perubahan</subfield>
    </datafield>
    <datafield tag="650" ind1="#" ind2="4">
      <subfield code="a">Administrator</subfield>
    </datafield>
    <datafield tag="650" ind1="#" ind2="4">
      <subfield code="a">sistem informasi</subfield>
    </datafield>
    <datafield tag="650" ind1="#" ind2="4">
      <subfield code="a">teknologi informasi</subfield>
    </datafield>
    <datafield tag="650" ind1="#" ind2="4">
      <subfield code="a">manajemen database</subfield>
    </datafield>
    <datafield tag="650" ind1="#" ind2="4">
      <subfield code="a">digitalisasi arsip</subfield>
    </datafield>
    <datafield tag="650" ind1="#" ind2="4">
      <subfield code="a">laporan keuangan</subfield>
    </datafield>
    <datafield tag="650" ind1="#" ind2="4">
      <subfield code="a">audit keuangan</subfield>
    </datafield>
    <datafield tag="520" ind1="#" ind2="#">
      <subfield code="a">Laporan proyek perubahan ini menjelaskan terlambatnya penyelesaian laporan keuangan perangkat daerah dan koreksi penyajian berulang dari hasil pemeriksaan BPK RI setiap tahunnya, penemuan ketidaktaatan keuangan daerah serta perubahan paradigma dari audit konvensional (tradisional auditing) menjadi metode pengawasan berkelanjutan berbasis digital. Inovasi Program Akselerasi Akuntabilitas Keuangan Perangkat Daerah (ATLAS ANGKA) adalah menggunakan aplikasi system informasi monitoring akuntabilitas keuangan perangkat daerah (SIMAK ANGKA), mensosialisasikan pedoman pengawasan intern khusus kepatuhan keuangan perangkat daerah  dan aplikasi SIMAK ANGKA di lingkungan Inspektorat Daerah sehinnga mencegah terjadinya kesalahan administrasi yang berulang.</subfield>
    </datafield>
    <datafield tag="500" ind1="#" ind2="#">
      <subfield code="a">Coach : Muhammad Abdi Rahman, S.Sos, M.Si&#13;
Penguji : Meita Ahadiyati Kartikaningsih, S.Si, MPP,Ph.D&#13;
Mentor : ENIK RUSWATI, SE, MM, Ak. CA</subfield>
    </datafield>
    <datafield tag="990" ind1="#" ind2="#">
      <subfield code="a">PKA/099/2021</subfield>
    </datafield>
  </record>
</collection>
